| 000 | 00598cam a2200169 4500500 | ||
|---|---|---|---|
| 005 | 20260405003933.0 | ||
| 041 | _afre | ||
| 042 | _adc | ||
| 100 | 1 | 0 |
_aLowenhaupt Tsing, Anna _eauthor |
| 700 | 1 | 0 |
_ade Oliveira, Victorine _eauthor |
| 245 | 0 | 0 | _aAnna Tsing : “Par des frictions étranges et chaotiques, des cultures naissent” |
| 260 | _c2025. | ||
| 500 | _a63 | ||
| 690 | _aAnna Tsing | ||
| 786 | 0 | _nPhilosophie magazine | 191 | 7 | 2025-07-01 | p. 129-142 | 1951-1787 | |
| 856 | 4 | 1 | _uhttps://shs.cairn.info/magazine-philosophie-magazine-2025-7-page-129?lang=fr&redirect-ssocas=7080 |
| 999 |
_c2072262 _d2072262 |
||